000 00410nam a22001337a 4500
005 20260122120847.0
008 260116b |||||||| |||| 00| 0 eng d
020 _a9789966099884
050 _aQD40
_b.M33 2012
100 _aMbaluka, Thaddeus
245 _aTop notch practical guide Demystifying chemistry practicals
_cby Thaddeus Mbaluka
260 _aKenya:
_bTopnotch Educreations,
_cc2012.
942 _2lcc
_cBK
_n0
999 _c3465
_d3465